01011nam a2200241Ia 4500003000900000008004100009020001400050040001600064080002000080111009200100245018900192260004100381300001500422490001500437650004100452650002200493650004600515700003000561710005700591942000700648999001700655952009700672IN-BaIIA211028s9999 xx 000 0 eng d a0379-6566 cIIA Library a524(082.2)bESA aInternational Symposium on New Insights in AstrophysicscLondond1986 July 14-16918341 0aNew insights in astrophysicsbproceedings of an International symposium held at University College London, 14-16-July, 1986ccompiled by E. J. Rolfe  aFrance,bEuropean Space Agencyc1986 axv, 724 p. aESA SP-263 aAstronomy and Astrophysics Thesaurus aAstrophysics9794 aInternational Ultraviolet Explorer912266 aRolfe, E. J. comp.913650 aNational Aeronautics and Space Administration.94960 cBK c10751d10751 00104070aBANbBANcGENd1993-08-04l0o524(082.2)/ ESAp11662r2021-11-05w1993-08-04yBK